Name A Valid Country By Border Number - Statistics

General Stats
  • This quiz has been taken 81 times
  • The average score is 10 of 12
Answer Stats
Borders Country % Correct
Two Andorra, Bangladesh, Belize...
100%
None Antigua and Barbuda, Australia, Bahamas...
100%
One Brunei, Canada, Denmark...
100%
Three Bosnia and Herzegovina, Burundi, Cameroon...
99%
Fourteen China, Russia
90%
Eight Austria, France, Saudi Arabia...
85%
Five Argentina, Azerbaijan, Belarus...
84%
Four Angola, Albania, Armenia...
81%
Seven Hungary, India, Iran...
79%
Six Afghanistan, Algeria, Burkina Faso...
78%
Nine DR Congo, Germany
76%
Ten Brazil
69%
No matching quizzes found
Score Distribution
Percent of People with Each Score
Percentile by Number Answered
Your Score History
You have not taken this quiz